000 00477nam a22001697a 4500
005 20250616124427.0
008 250616b |||||||| |||| 00| 0 eng d
020 _a 978-0201485677
082 _a005.8
_bGAM-R
100 _aGamma, Erich
245 _aRefactoring :
_bImproving the Design of Existing Code /
_cErich Gamma
260 _aUSA:
_bElsevier;
_c2000.
300 _axxiv, 337 p. :
_bill;
_c24 cm.
500 _ainclude index.
650 _aDataScience
999 _c36932
_d36932